Country flags with the most stripes - Statistics

General Stats
  • This quiz has been taken 869 times
  • The average score is 4 of 7
Answer Stats
Hint Answer % Correct
13 United States
98%
14 Malaysia
70%
11 Liberia
69%
9 Greece
55%
9 Uruguay
48%
6 Uganda
40%
7 Zimbabwe
32%
No matching quizzes found
Score Distribution
Percent of People with Each Score
Percentile by Number Answered
Your Score History
You have not taken this quiz